Las tortugas de mar / (Record no. 27189)

MARC details
000 -LEADER
fixed length control field 00631nam a22002297a 4500
001 - CONTROL NUMBER
control field sjds
003 - CONTROL NUMBER IDENTIFIER
control field sjds
005 - DATE AND TIME OF LATEST TRANSACTION
control field 20221220160240.0
008 - FIXED-LENGTH DATA ELEMENTS--GENERAL INFORMATION
fixed length control field 220628b mx ||||| |||| 00| 0 spa d
020 ## - INTERNATIONAL STANDARD BOOK NUMBER
International Standard Book Number 9682902614
020 ## - INTERNATIONAL STANDARD BOOK NUMBER
International Standard Book Number 9789682902611
040 ## - CATALOGING SOURCE
Transcribing agency sjds
041 ## - LANGUAGE CODE
Language code of text/sound track or separate title spa
100 10 - MAIN ENTRY--PERSONAL NAME
Personal name Jacob, Esther
245 14 - TITLE STATEMENT
Title Las tortugas de mar /
Statement of responsibility, etc. Esther Jacob; Felipe Davalos [ill.].
246 ## - VARYING FORM OF TITLE
Title proper/short title Las tortugas de mar
260 ## - PUBLICATION, DISTRIBUTION, ETC. (IMPRINT)
Place of publication, distribution, etc. Mexico, D.F. :
Name of publisher, distributor, etc. Consejo Nacional de Fomento Educativo,
Date of publication, distribution, etc. 1998
300 ## - PHYSICAL DESCRIPTION
Extent 47 p. [
Other physical details ill.
440 ## - SERIES STATEMENT/ADDED ENTRY--TITLE
Title Serie Educacion ambiental,
Number of part/section of a work 1998: 1
700 10 - ADDED ENTRY--PERSONAL NAME
Personal name Davalos, Felipe
942 ## - ADDED ENTRY ELEMENTS (KOHA)
Koha item type Libro/Book
Source of classification or shelving scheme Dewey Decimal Classification
Holdings
Withdrawn status Lost status Damaged status Not for loan Home library Current library Date acquired Total Checkouts Full call number Barcode Checked out Date last seen Date checked out Price effective from Koha item type Inventory number
        San Juan Del Sur -- Mobile Collado 30/09/2024 1 JNC 30029758 14/04/2026 10/03/2026 10/03/2026 30/09/2024 Libro/Book Inventory date: 15-5-25
        San Juan Del Sur -- Biblioteca Papaturro 08/02/2022 4 JC 30028682 07/11/2024 03/10/2024 03/10/2024 08/02/2022 Libro/Book  
        San Juan Del Sur -- Mobile Pochote 20/12/2022 2 JNC 33016873 23/11/2023 19/10/2023 19/10/2023 20/12/2022 Libro/Book  
        San Juan Del Sur -- Biblioteca San Juan Del Sur -- Biblioteca 08/02/2022 1 JC 30028741   21/04/2023 25/04/2022 08/02/2022 Libro/Book  
        San Juan Del Sur -- Biblioteca San Juan Del Sur -- Biblioteca 08/02/2022 1 JC 30028744   01/03/2023 26/04/2022 08/02/2022 Libro/Book  
        San Juan Del Sur -- Mobile San Juan Del Sur -- Mobile 09/02/2023   JNC 30029659   09/02/2023   09/02/2023 Libro/Book Inventory date: 1-2-25

Powered by Koha